[Event "Titled Tuesday intern op 12th May"]
[Site "Chess.com INT"]
[Date "2020.05.12"]
[Round "4"]
[White "Baches Garcia, Guillermo"]
[Black "Cun, Harry"]
[Result "1-0"]
[WhiteElo "2329"]
[BlackElo "2183"]
[PlyCount "77"]
[EventDate "2020.05.12"]
[EventType "swiss (blitz)"]
[EventRounds "10"]
[EventCountry "USA"]
[SourceTitle "EXT 2021"]
[Source "ChessBase"]
[SourceDate "2020.10.23"]
[SourceVersion "1"]
[SourceVersionDate "2020.10.23"]
[SourceQuality "1"]

1. e4 c6 2. Nf3 d5 3. Nc3 dxe4 4. Nxe4 Bf5 5. Qe2 e6 6. g3 Nf6 7. Nxf6+ Qxf6 8. d3 Bc5 9. Bg2 Qd8 10. Qe5 Bf8 11. Nh4 Bg6 12. Bg5 f6 13. Qxe6+ Qe7 14. Qxe7+ Bxe7 15. Nxg6 hxg6 16. Be3 Kf7 17. h4 Nd7 18. 0-0-0 Rhe8 19. Rhe1 Ne5 20. f3 Bd6 21. Bf2 a6 22. Re4 f5 23. Re2 Nd7 24. Rde1 Rxe2 25. Rxe2 Nf6 26. c4 b5 27. f4 Rc8 28. Bf3 c5 29. b3 b4 30. Kc2 a5 31. d4 a4 32. dxc5 Bxc5 33. Bxc5 Rxc5 34. Kd3 axb3 35. axb3 Ra5 36. Kd4 Ra3 37. Re3 Nd7 38. c5 Nb6 39. cxb6 1-0

[Event "Titled Tuesday intern op 12th May"]
[Site "Chess.com INT"]
[Date "2020.05.12"]
[Round "6"]
[White "Chos, Alexey"]
[Black "Cun, Harry"]
[Result "1-0"]
[WhiteElo "2296"]
[BlackElo "2190"]
[PlyCount "39"]
[EventDate "2020.05.12"]
[EventType "swiss (blitz)"]
[EventRounds "10"]
[EventCountry "USA"]
[SourceTitle "EXT 2021"]
[Source "ChessBase"]
[SourceDate "2020.10.23"]
[SourceVersion "1"]
[SourceVersionDate "2020.10.23"]
[SourceQuality "1"]

1. e4 c6 2. d4 d5 3. e5 Bf5 4. Nf3 e6 5. Be2 Ne7 6. 0-0 Nd7 7. Be3 c5 8. c4 Nc6 9. cxd5 exd5 10. Nc3 cxd4 11. Nxd4 Nxd4 12. Qxd4 Bc5 13. Qxd5 Bxe3 14. fxe3 Be6 15. Qxb7 0-0 16. Qe4 Qb6 17. Qd4 Qxb2 18. Rfb1 Qc2 19. Bd3 Qd2 20. Bxh7+ 1-0

[Event "Titled Tuesday intern op 12th May"]
[Site "Chess.com INT"]
[Date "2020.05.12"]
[Round "5"]
[White "Cun, Harry"]
[Black "Kislov, Oleg"]
[Result "1-0"]
[WhiteElo "2194"]
[BlackElo "2249"]
[PlyCount "105"]
[EventDate "2020.05.12"]
[EventType "swiss (blitz)"]
[EventRounds "10"]
[EventCountry "USA"]
[SourceTitle "EXT 2021"]
[Source "ChessBase"]
[SourceDate "2020.10.23"]
[SourceVersion "1"]
[SourceVersionDate "2020.10.23"]
[SourceQuality "1"]

1. Nf3 d5 2. g3 Nf6 3. Bg2 Bg4 4. 0-0 c6 5. d3 Nbd7 6. Nbd2 e5 7. e4 dxe4 8. dxe4 Bc5 9. h3 Bh5 10. g4 Bg6 11. Re1 Qe7 12. Nh4 Rd8 13. Nf5 Bxf5 14. exf5 0-0 15. Qe2 Nd5 16. Nf3 Rfe8 17. b3 e4 18. Nh2 Bd4 19. Bd2 Bxa1 20. Rxa1 Qe5 21. Re1 Qb2 22. c4 Nc3 23. Qe3 Nxa2 24. Nf1 b6 25. Re2 Nc5 26. Bb4 Qa1 27. Re1 Qd4 28. Qxd4 Rxd4 29. Bxc5 bxc5 30. Ra1 Nc3 31. Rxa7 Ne2+ 32. Kh2 Nf4 33. Rc7 Nxg2 34. Kxg2 Rd3 35. Rxc6 Rxb3 36. Rxc5 Rb2 37. Ne3 Rd8 38. Kg3 h6 39. Re5 Rdd2 40. Rxe4 Rxf2 41. c5 Rfd2 42. c6 Rd8 43. c7 Rc8 44. Nd5 Kf8 45. Rd4 Rb3+ 46. Kf4 Rb5 47. Ke5 Rc5 48. Kd6 Rc1 49. Kd7 Re8 50. Rb4 Rd1 51. Kd6 Rc8 52. Rb8 Rxb8 53. cxb8Q# 1-0

[Event "Titled Tuesday intern op 28th Apr"]
[Site "Chess.com INT"]
[Date "2020.04.28"]
[Round "2"]
[White "Cun, Harry"]
[Black "Gavilan Diaz, Mario"]
[Result "0-1"]
[WhiteElo "2154"]
[BlackElo "2278"]
[PlyCount "35"]
[EventDate "2020.04.28"]
[EventType "swiss (blitz)"]
[EventRounds "10"]
[EventCountry "USA"]
[SourceTitle "EXT 2021"]
[Source "ChessBase"]
[SourceDate "2020.10.23"]
[SourceVersion "1"]
[SourceVersionDate "2020.10.23"]
[SourceQuality "1"]

1. Nf3 d5 2. g3 Nc6 3. Bg2 e5 4. d3 Nf6 5. 0-0 h6 6. Nbd2 Bc5 7. e4 0-0 8. a3 a5 9. exd5 Nxd5 10. Nc4 Re8 11. b3 Nc3 12. Qd2 Nd4 13. Nxd4 exd4 14. Re1 Bg4 15. f3 Bh5 16. Bb2 Qd7 17. Bxc3 dxc3+ 18. Kh1 0-1

[Event "Titled Tuesday intern op 21st April"]
[Site "Chess.com INT"]
[Date "2020.04.21"]
[Round "7"]
[White "Sarkar, Justin"]
[Black "Cun, Harry"]
[Result "1-0"]
[WhiteElo "2380"]
[BlackElo "2167"]
[PlyCount "69"]
[EventDate "2020.04.21"]
[EventType "swiss (blitz)"]
[EventRounds "10"]
[EventCountry "USA"]
[SourceTitle "EXT 2021"]
[Source "ChessBase"]
[SourceDate "2020.10.23"]
[SourceVersion "1"]
[SourceVersionDate "2020.10.23"]
[SourceQuality "1"]

1. d4 c6 2. c4 d5 3. g3 Nf6 4. Bg2 Bf5 5. Nf3 e6 6. 0-0 Nbd7 7. Nc3 Be7 8. Nd2 0-0 9. e4 dxe4 10. Ndxe4 Nxe4 11. Nxe4 Nf6 12. Nc3 Qc7 13. Bf4 Bd6 14. Bg5 Nd7 15. c5 Nxc5 16. dxc5 Bxc5 17. Qe2 h6 18. Bf4 Qb6 19. Na4 Qa5 20. Nxc5 Qxc5 21. Rac1 Qb6 22. Rfd1 Rfd8 23. b3 Qa5 24. Be5 Qb4 25. Bb2 Bg4 26. Rxd8+ Rxd8 27. Qe5 f6 28. Qe4 Qd2 29. Qxg4 Qxb2 30. Qxe6+ Kh8 31. Re1 Rd2 32. Qe8+ Kh7 33. Be4+ g6 34. Bxg6+ Kg7 35. Qf7+ 1-0

[Event "Titled Tuesday intern op 14th April"]
[Site "Chess.com INT"]
[Date "2020.04.14"]
[Round "5"]
[White "Cun, Harry"]
[Black "Fischer, Daniel1111"]
[Result "1-0"]
[WhiteElo "2140"]
[BlackElo "2331"]
[PlyCount "105"]
[EventDate "2020.04.14"]
[EventType "swiss (blitz)"]
[EventRounds "10"]
[EventCountry "USA"]
[SourceTitle "EXT 2021"]
[Source "ChessBase"]
[SourceDate "2020.10.23"]
[SourceVersion "1"]
[SourceVersionDate "2020.10.23"]
[SourceQuality "1"]

1. Nf3 d5 2. g3 Bg4 3. Bg2 c6 4. 0-0 e6 5. d3 Nf6 6. Nbd2 Be7 7. h3 Bh5 8. g4 Bg6 9. Re1 0-0 10. e4 a5 11. e5 Nfd7 12. d4 c5 13. c3 Nc6 14. Nf1 b5 15. Ng3 cxd4 16. cxd4 Nb4 17. g5 Nc2 18. Bf4 Nxa1 19. Qxa1 Rc8 20. h4 Bb4 21. Rd1 Bc2 22. Rc1 Be4 23. a3 Rxc1+ 24. Qxc1 Be7 25. Nh2 Bxg2 26. Kxg2 Qc8 27. Qe3 Qc2 28. Ng4 b4 29. axb4 axb4 30. Nf6+ gxf6 31. gxf6 Nxf6 32. exf6 Bxf6 33. Bh6 Rc8 34. Qf4 Bg7 35. h5 Bxh6 36. Qxh6 Qd3 37. Qf6 b3 38. Kh3 Kf8 39. Qh8+ Ke7 40. Qxc8 Qc2 41. Qxc2 bxc2 42. Ne2 Kd7 43. Kg3 Kc6 44. Kf3 Kb5 45. Ke3 Kb4 46. Nc1 f6 47. Kd2 e5 48. Kxc2 e4 49. Ne2 f5 50. Nf4 Kc4 51. Ne2 Kb4 52. b3 h6 53. Nf4 1-0

[Event "Titled Tuesday intern op 14th April"]
[Site "Chess.com INT"]
[Date "2020.04.14"]
[Round "7"]
[White "Cun, Harry"]
[Black "Sztokbant, Bernardo Vainzoff"]
[Result "1-0"]
[WhiteElo "2149"]
[BlackElo "2194"]
[PlyCount "73"]
[EventDate "2020.04.14"]
[EventType "swiss (blitz)"]
[EventRounds "10"]
[EventCountry "USA"]
[SourceTitle "EXT 2021"]
[Source "ChessBase"]
[SourceDate "2020.10.23"]
[SourceVersion "1"]
[SourceVersionDate "2020.10.23"]
[SourceQuality "1"]

1. Nf3 d5 2. g3 Nf6 3. Bg2 g6 4. 0-0 Bg7 5. d3 0-0 6. Nbd2 c5 7. e4 Nc6 8. Re1 e5 9. exd5 Nxd5 10. Nc4 Re8 11. Rb1 h6 12. Ne3 Be6 13. Nxd5 Bxd5 14. b3 Qd7 15. Bb2 Nd4 16. Nxd4 cxd4 17. Bxd5 Qxd5 18. c4 dxc3 19. Bxc3 Rad8 20. Re3 e4 21. Bxg7 Kxg7 22. Qe1 f5 23. dxe4 Rxe4 24. Rxe4 fxe4 25. Qc3+ Kf7 26. Re1 Re8 27. Qe3 Kg7 28. f3 Qa5 29. fxe4 Qxa2 30. Qd4+ Kg8 31. Qd5+ Kg7 32. Rf1 Re7 33. Qd8 Qa3 34. Qf8+ Kh7 35. Rf7+ Rxf7 36. Qxa3 Kh8 37. e5 1-0

[Event "Titled Tuesday intern op 3rd March"]
[Site "Chess.com INT"]
[Date "2020.03.03"]
[Round "3"]
[White "Cun, Harry"]
[Black "Do Nascimento, Christian Almeida"]
[Result "0-1"]
[WhiteElo "2106"]
[BlackElo "2034"]
[PlyCount "134"]
[EventDate "2020.03.03"]
[EventType "swiss (blitz)"]
[EventRounds "10"]
[EventCountry "USA"]
[SourceTitle "EXT 2021"]
[Source "ChessBase"]
[SourceDate "2020.10.23"]
[SourceVersion "1"]
[SourceVersionDate "2020.10.23"]
[SourceQuality "1"]

1. d4 Nf6 2. c4 e6 3. Nf3 d5 4. g3 Be7 5. Bg2 0-0 6. 0-0 c5 7. cxd5 Nxd5 8. Nc3 Nc6 9. Nxd5 exd5 10. Be3 c4 11. Bf4 Bf5 12. Ne5 Bf6 13. Re1 Re8 14. e4 Bxe4 15. Bxe4 dxe4 16. Rxe4 Qd5 17. f3 g5 18. Nxc6 bxc6 19. Be5 Bxe5 20. dxe5 Rxe5 21. Qxd5 Rxd5 22. Rxc4 Rd2 23. Rxc6 Re8 24. Rc5 h6 25. h4 gxh4 26. gxh4 Ree2 27. b4 Rg2+ 28. Kh1 Rh2+ 29. Kg1 Rdg2+ 30. Kf1 Rb2 31. Kg1 Rxh4 32. a4 Rhxb4 33. Rd1 Rb1 34. Rxb1 Rxb1+ 35. Kg2 Rb6 36. Ra5 a6 37. Rh5 Kg7 38. Kg3 Kg6 39. Rc5 f6 40. Kf4 Rb4+ 41. Ke3 Rxa4 42. Kf2 Ra1 43. Kg3 a5 44. Rc7 a4 45. f4 Kf5 46. Kf3 Ra3+ 47. Kf2 Kxf4 48. Kg2 f5 49. Kf2 Ra2+ 50. Kf1 h5 51. Rc3 Kg4 52. Rc4+ f4 53. Kg1 h4 54. Rc3 f3 55. Rc8 a3 56. Kh1 Kh3 57. Rc1 Rh2+ 58. Kg1 f2+ 59. Kf1 Rh1+ 60. Kxf2 Rxc1 61. Ke2 Rc3 62. Kd2 Rg3 63. Kc2 Kg4 64. Kb1 h3 65. Ka2 h2 66. Kb1 Rg2 67. Ka1 h1Q# 0-1

[Event "Titled Tuesday intern op 3rd March"]
[Site "Chess.com INT"]
[Date "2020.03.03"]
[Round "7"]
[White "Cun, Harry"]
[Black "Harris, Ian"]
[Result "1-0"]
[WhiteElo "2124"]
[BlackElo "2181"]
[PlyCount "99"]
[EventDate "2020.03.03"]
[EventType "swiss (blitz)"]
[EventRounds "10"]
[EventCountry "USA"]
[SourceTitle "EXT 2021"]
[Source "ChessBase"]
[SourceDate "2020.10.23"]
[SourceVersion "1"]
[SourceVersionDate "2020.10.23"]
[SourceQuality "1"]

1. d4 d5 2. c4 e6 3. Nf3 Nf6 4. g3 Be7 5. Bg2 0-0 6. 0-0 c6 7. Qc2 Ne4 8. Nbd2 f5 9. Ne5 Bf6 10. f4 b6 11. b3 Bb7 12. Bb2 Nd7 13. e3 Rc8 14. Ndf3 h6 15. Nxd7 Qxd7 16. Ne5 Bxe5 17. fxe5 c5 18. Bxe4 dxe4 19. Rad1 cxd4 20. Rxd4 Qe7 21. Rfd1 Rfd8 22. Qd2 Rxd4 23. Qxd4 Kf8 24. Qd7 Re8 25. Qxe7+ Rxe7 26. Ba3 Ke8 27. Bxe7 Kxe7 28. Rd6 g5 29. Kf2 h5 30. b4 Ba8 31. c5 bxc5 32. bxc5 Bd5 33. a4 a5 34. Ra6 Kd7 35. Rxa5 Kc6 36. Rb5 Bc4 37. Rb8 Kxc5 38. a5 Kd5 39. Rb4 Bd3 40. Rd4+ Kc5 41. Rd6 Bc4 42. a6 Bd5 43. a7 Bb7 44. Rxe6 Kd5 45. Re7 Bc6 46. Rc7 Ba8 47. Rc8 Bb7 48. a8Q Bxa8 49. Rxa8 Kxe5 50. Ra5+ 1-0

[Event "Titled Tuesday intern op 4th Febr"]
[Site "Chess.com INT"]
[Date "2020.02.04"]
[Round "9"]
[White "Radzhabov, Rodion"]
[Black "Cun, Harry"]
[Result "0-1"]
[WhiteElo "2364"]
[BlackElo "2149"]
[PlyCount "56"]
[EventDate "2020.02.04"]
[EventType "swiss (blitz)"]
[EventRounds "10"]
[EventCountry "USA"]
[SourceTitle "EXT 2021"]
[Source "ChessBase"]
[SourceDate "2020.10.23"]
[SourceVersion "1"]
[SourceVersionDate "2020.10.23"]
[SourceQuality "1"]

1. e4 c6 2. d4 d5 3. e5 Bf5 4. Ne2 e6 5. Ng3 Bg6 6. h4 h6 7. h5 Bh7 8. Bd3 Bxd3 9. cxd3 Nd7 10. 0-0 Ne7 11. Qg4 Qb6 12. Be3 Qxb2 13. Nd2 Qc2 14. Rab1 b6 15. Rb3 Qxa2 16. f4 c5 17. dxc5 Nxc5 18. Bxc5 Qxd2 19. Bxe7 Bxe7 20. Qxg7 Kd7 21. Qg4 Rhg8 22. Qf3 Rac8 23. f5 Bh4 24. fxe6+ fxe6 25. Qf7+ Be7 26. Qf3 Rc2 27. Kh2 Rf8 28. Qd1 Qxg2# 0-1

[Event "Titled Tuesday intern op 3rd Sept"]
[Site "Chess.com INT"]
[Date "2019.09.03"]
[Round "8"]
[White "Gubajdullin, Alexey"]
[Black "Cun, Harry"]
[Result "1-0"]
[WhiteElo "2345"]
[BlackElo "2139"]
[PlyCount "59"]
[EventDate "2019.09.03"]
[EventType "swiss (blitz)"]
[EventRounds "10"]
[EventCountry "USA"]
[SourceTitle "EXT 2021"]
[Source "ChessBase"]
[SourceDate "2020.10.23"]
[SourceVersion "1"]
[SourceVersionDate "2020.10.23"]
[SourceQuality "1"]

1. d4 Nf6 2. Bf4 e6 3. e3 b6 4. Nf3 Bb7 5. Be2 Be7 6. 0-0 0-0 7. h3 d6 8. a4 Nbd7 9. a5 c5 10. Nc3 Ne4 11. Nxe4 Bxe4 12. Nd2 Bc6 13. Nc4 Qc7 14. dxc5 Nxc5 15. Bxd6 Bxd6 16. Qxd6 Qxd6 17. Nxd6 Rfd8 18. Nc4 b5 19. Ne5 Be4 20. Bxb5 Rab8 21. c4 a6 22. b4 Nb3 23. Bc6 Bxc6 24. Nxc6 Nxa1 25. Rxa1 Kf8 26. b5 axb5 27. cxb5 Ke8 28. b6 Rdc8 29. Nxb8 Rxb8 30. a6 1-0